[Event "3rd Africa-ch"]
[Site "Abuja NGR"]
[Date "2003.10.10"]
[Round "1"]
[White "Aikhoje, Odion"]
[Black "Belkacem, Krim"]
[Result "1-0"]
[WhiteElo "2278"]
[BlackElo "2121"]
[EventDate "2003.10.10"]
[PlyCount "85"]

1.Nf3 d5 2.d4 e6 3.Bf4 Nf6 4.e3 Be7 5.Nbd2 Nbd7 6.Bd3 c5 7.c3 b6 8.Ne5 Bb7
9.Qf3 O-O 10.Qh3 a6 11.Rd1 Re8 12.Nxd7 Qxd7 13.Nf3 g6 14.Ng5 h5 15.Nf3 
cxd4 16.exd4 Ne4 17.Ne5 Qd8 18.f3 Ng5 19.Bxg5 Bxg5 20.O-O Kg7 21.f4 Bf6 
22.Rf3 Qe7 23.Rg3 Bxe5 24.fxe5 Rh8 25.Rf1 Raf8 26.Rf6 Rh6 27.Qh4 Qd7 28.
Qg5 Qe8 29.Rf4 Bc8 30.h3 a5 31.Kh2 Bd7 32.b3 b5 33.Rf2 Bc6 34.Kg1 b4 35.
Be2 bxc3 36.Rxc3 Bb5 37.Qf6+ Kg8 38.Bxb5 Qxb5 39.Rc8 Qd7 40.Rxf8+ Kxf8 41.
Rc2 Qb7 42.Qd8+ Kg7 43.Rc7 1-0

[Event "3rd Africa-ch"]
[Site "Abuja NGR"]
[Date "2003.10.10"]
[Round "1"]
[White "Khaled, Aoudia"]
[Black "Ben Nasser, Khaled"]
[Result "0-1"]
[WhiteElo "2156"]
[BlackElo "2282"]
[EventDate "2003.10.10"]
[PlyCount "80"]

1.c4 Nf6 2.Nc3 e6 3.e4 d5 4.e5 d4 5.exf6 dxc3 6.bxc3 Qxf6 7.d4 c5 8.Nf3 h6
9.h4 cxd4 10.cxd4 Nc6 11.Rb1 Bb4+ 12.Bd2 Bxd2+ 13.Qxd2 O-O 14.Rd1 e5 15.d5
e4 16.Nd4 Ne5 17.Be2 Bg4 18.Bxg4 Nxg4 19.Qe2 e3 20.fxe3 Nxe3 21.Qxe3 Rae8 
22.Ne6 fxe6 23.d6 Rc8 24.c5 b6 25.cxb6 axb6 26.d7 Rc5 27.d8=Q Rxd8 28.
Rxd8+ Qxd8 29.O-O Qd5 30.Qf2 Kh7 31.Qf3 Qd4+ 32.Qf2 Qd5 33.Re1 Kg8 34.Qe3 
Rc6 35.Rb1 Rc2 36.Qf3 Qd4+ 37.Kh1 Qxh4+ 38.Kg1 Qd4+ 39.Kh1 Qh4+ 40.Kg1 
Rxa2 0-1

[Event "3rd Africa-ch"]
[Site "Abuja NGR"]
[Date "2003.10.10"]
[Round "1"]
[White "Tandala Campos, Eugenio"]
[Black "Pitlagano, Tebogo"]
[Result "1-0"]
[WhiteElo "2249"]
[BlackElo "2073"]
[EventDate "2003.10.10"]
[PlyCount "127"]

1.e4 c5 2.Nf3 d6 3.d4 cxd4 4.Nxd4 Nf6 5.Nc3 g6 6.Be3 Bg7 7.f3 Nc6 8.Qd2 
O-O 9.Bc4 Bd7 10.Bb3 Qa5 11.h4 Rfc8 12.O-O-O Ne5 13.h5 Nxh5 14.g4 Nf6 15.
Bh6 Bh8 16.Nf5 Bxf5 17.gxf5 Nc4 18.Qg2 d5 19.Nxd5 Nxd5 20.Rxd5 Bxb2+ 21.
Kd1 Qc3 22.fxg6 hxg6 23.Qh3 e6 24.Rd3 Rd8 25.Ke2 Rxd3 26.cxd3 Ne5 27.Be3 
Nxd3 28.Qh7+ Kf8 29.Rd1 Nc1+ 30.Bxc1 Bxc1 31.Rxc1 Qxc1 32.Qh8+ Ke7 33.Qxa8
Qb2+ 34.Kd3 Qb1+ 35.Kc4 Qf1+ 36.Kb4 Qe1+ 37.Ka4 b5+ 38.Kxb5 Qe2+ 39.Bc4 
Qb2+ 40.Ka4 Qb6 41.Qc8 Qd4 42.Qc7+ Kf6 43.Kb5 Qe3 44.Ka6 Qa3+ 45.Kb7 Qxf3 
46.Kxa7 Qxe4 47.a4 g5 48.a5 g4 49.Ba6 Kg5 50.Bb7 Qd4+ 51.Qb6 Qe5 52.a6 f5 
53.Qd8+ Kh5 54.Ka8 f4 55.Qb8 Qe3 56.a7 g3 57.Qh8+ Kg4 58.Kb8 f3 59.a8=Q 
Qf4+ 60.Kc8 Qc4+ 61.Kd7 Qd3+ 62.Ke7 f2 63.Qag8+ Kf4 64.Qh4+ 1-0

[Event "3rd Africa-ch"]
[Site "Abuja NGR"]
[Date "2003.10.10"]
[Round "1"]
[White "Chahrani, Ibrahim"]
[Black "El-Gindy, Essam"]
[Result "0-1"]
[WhiteElo "2246"]
[BlackElo "2501"]
[EventDate "2003.10.10"]
[PlyCount "114"]

1.e4 c5 2.Nf3 d6 3.d4 cxd4 4.Nxd4 Nf6 5.Nc3 Nc6 6.Be3 Ng4 7.Nxc6 bxc6 8.
Qf3 Nxe3 9.fxe3 e6 10.Bd3 Qh4+ 11.g3 Qe7 12.O-O g6 13.e5 d5 14.Qf6 Rg8 15.
Qf4 Bg7 16.e4 d4 17.Ne2 Qc7 18.Nxd4 Bxe5 19.Qf2 Bxd4 20.Qxd4 Qb6 21.Qf2 
Rb8 22.b3 Ke7 23.Kg2 Qxf2+ 24.Kxf2 e5 25.Bc4 Bh3 26.Rfd1 Rgd8 27.Be2 Be6 
28.Rxd8 Rxd8 29.Rd1 Rf8 30.c4 c5 31.Ke3 a5 32.a4 f5 33.exf5 gxf5 34.Bd3 h5
35.Bc2 h4 36.Kf2 Rh8 37.Kg2 hxg3 38.hxg3 Bd7 39.Kg1 Bc6 40.Rd2 Rh1+ 41.Kf2
Ke6 42.Bd1 Rh2+ 43.Ke1 Rh3 44.Kf2 Rh2+ 45.Ke1 Rh8 46.Kf2 e4 47.Ke3 Ke5 48.
Be2 Rh3 49.Kf2 f4 50.gxf4+ Kxf4 51.Rd8 e3+ 52.Ke1 Rh1+ 53.Bf1 Bg2 54.Rf8+ 
Ke4 55.Re8+ Kd4 56.Rd8+ Kc3 57.Rd3+ Kb4 0-1

[Event "3rd Africa-ch"]
[Site "Abuja NGR"]
[Date "2003.10.10"]
[Round "1"]
[White "El-Taher, Fouad"]
[Black "Adebayo, Adegboyega"]
[Result "1-0"]
[WhiteElo "2505"]
[BlackElo "2248"]
[EventDate "2003.10.10"]
[PlyCount "143"]

1.e4 Nc6 2.Nf3 e5 3.Bb5 a6 4.Ba4 Nf6 5.O-O Be7 6.Re1 b5 7.Bb3 d6 8.c3 O-O 
9.h3 Na5 10.Bc2 c5 11.d4 Qc7 12.Nbd2 cxd4 13.cxd4 Nc6 14.Nb3 Bd7 15.Be3 
Rfe8 16.Rc1 Rac8 17.Bd3 Qd8 18.d5 Na5 19.Rxc8 Bxc8 20.Nbd2 Bd7 21.b4 Nb7 
22.a4 Qa8 23.Qe2 bxa4 24.Bxa6 Rc8 25.Qd3 Ne8 26.Ra1 Nc7 27.Bc4 g6 28.Ra3 
Nd8 29.Nxe5 dxe5 30.d6 Bf8 31.dxc7 Rxc7 32.Bb6 Rc6 33.Qxd7 Rxb6 34.Bd5 Qb8
35.Rf3 Rd6 36.Qe8 Qc7 37.Qxa4 Ne6 38.Qa2 Nf4 39.Nc4 Rd7 40.b5 Bc5 41.h4 
Nxd5 42.exd5 e4 43.Rc3 Rxd5 44.Ne3 Rd3 45.Qc4 Rxc3 46.Qxc3 Qa7 47.g3 h5 
48.Kg2 Bd4 49.Qb3 Qc5 50.Nd5 Bxf2 51.Nf6+ Kg7 52.Nxe4 Qe3 53.Qb2+ Qd4 54.
Qxf2 Qxe4+ 55.Kh2 Kf8 56.Qb2 Ke8 57.b6 Qb7 58.Qd4 Qc6 59.Kg1 Qf3 60.Qe5+ 
Kd7 61.Qc7+ Ke6 62.Qc4+ Ke7 63.Qb4+ Kd7 64.b7 Qxg3+ 65.Kf1 Qb8 66.Qb6 Qf4+
67.Ke2 Qb8 68.Kf3 f6 69.Ke4 g5 70.hxg5 fxg5 71.Kd5 Qf8 72.Qc6+ 1-0

[Event "3rd Africa-ch"]
[Site "Abuja NGR"]
[Date "2003.10.10"]
[Round "1"]
[White "Ezat, Mohamed"]
[Black "Abera, Yimam Belachew"]
[Result "1-0"]
[WhiteElo "2405"]
[BlackElo "2200"]
[EventDate "2003.10.10"]
[PlyCount "78"]

1.d4 f5 2.Nc3 d5 3.Bg5 c6 4.e3 Nd7 5.Bd3 Ndf6 6.Nf3 e6 7.Ne5 g6 8.h4 Qb6 
9.Rb1 Bg7 10.h5 gxh5 11.Rxh5 Qc7 12.Rh1 Qe7 13.Be2 Kd8 14.Bh5 Bd7 15.Nf7+ 
Kc8 16.Bf4 Be8 17.Nd6+ Kd8 18.Bxe8 Nxe8 19.Nxe8 Qxe8 20.g4 Qg6 21.gxf5 
exf5 22.Ne2 Nf6 23.Be5 Kd7 24.Rg1 Qf7 25.Qd3 Nh5 26.Rg5 Bxe5 27.dxe5 Raf8 
28.e6+ Qxe6 29.Rxh5 Qg6 30.Nf4 Qg4 31.Kd2 Qf3 32.Rf1 Qe4 33.Qxe4 fxe4 34.
Rfh1 Rf7 35.Ng6 Rxf2+ 36.Ke1 hxg6 37.Rh7+ Kd6 38.Kxf2 Rf8+ 39.Ke2 Ke5 1-0

[Event "3rd Africa-ch"]
[Site "Abuja NGR"]
[Date "2003.10.10"]
[Round "1"]
[White "Haddouche, Mohamed"]
[Black "Lungu, Malupande"]
[Result "1-0"]
[WhiteElo "2161"]
[BlackElo "2295"]
[EventDate "2003.10.10"]
[PlyCount "81"]

1.e4 e5 2.Nf3 Nc6 3.d4 exd4 4.Nxd4 Bc5 5.Be3 Nxd4 6.Bxd4 Bxd4 7.Qxd4 Qf6 
8.e5 Qg6 9.Nc3 Ne7 10.O-O-O a6 11.Bd3 Qh6+ 12.f4 O-O 13.Kb1 b5 14.Be4 Nc6 
15.Qf2 Rb8 16.g4 Ne7 17.Qc5 Nc6 18.g5 Qh4 19.Nd5 Bb7 20.Qe3 d6 21.Qg3 Qxg3
22.hxg3 h6 23.gxh6 f5 24.exf6 gxf6 25.Nxc7 f5 26.Bd5+ Kh8 27.Ne6 Rf6 28.
Ng5 Na5 29.Rhe1 Rbf8 30.h7 Bxd5 31.Rxd5 Nb7 32.b4 Nd8 33.Red1 Nf7 34.Nxf7+
R8xf7 35.Rxd6 Kxh7 36.Kb2 Kg6 37.a4 Kh5 38.axb5 axb5 39.Rd8 Rg7 40.R1d3 
Kg4 41.Rh8 1-0

[Event "3rd Africa-ch"]
[Site "Abuja NGR"]
[Date "2003.10.10"]
[Round "1"]
[White "Van den Heever, Donovan"]
[Black "Lungu, Nase"]
[Result "1-0"]
[WhiteElo "2035"]
[BlackElo "2270"]
[EventDate "2003.10.10"]
[PlyCount "133"]

1.e4 c5 2.Nf3 e6 3.d3 Nc6 4.g3 g6 5.Bg2 Bg7 6.O-O Nge7 7.Nbd2 O-O 8.c3 d5 
9.Re1 h6 10.exd5 exd5 11.Nb3 b6 12.d4 c4 13.Nbd2 b5 14.b3 Qa5 15.b4 Qb6 
16.a4 a5 17.axb5 Qxb5 18.Qa4 Qxa4 19.Rxa4 Be6 20.b5 Na7 21.Ba3 Bf6 22.Bxe7
Bxe7 23.Rxa5 Bd8 24.Ra2 Bb6 25.Rb1 Rab8 26.Ne5 Nc8 27.Ra6 Nd6 28.Bxd5 Bxd5
29.Nd7 Kg7 30.Rxb6 Rxb6 31.Nxb6 Be6 32.d5 Bf5 33.Rb2 Rb8 34.Ndxc4 Ne4 35.
Na4 Bh3 36.f3 Nf6 37.Ne3 Ra8 38.Rb4 Bd7 39.c4 Kf8 40.Kf2 Ke7 41.Ke2 Be8 
42.Kd3 Nd7 43.Kd4 f6 44.f4 Ra5 45.c5 Nb8 46.c6 Kd8 47.Nc4 Ra7 48.Nc5 Re7 
49.Ne6+ Rxe6 50.dxe6 Bxc6 51.bxc6 Nxc6+ 52.Kc5 Nxb4 53.Kxb4 Ke7 54.f5 gxf5
55.Kc5 Kxe6 56.Kd4 f4 57.gxf4 Kf5 58.Ke3 Kg4 59.Nd2 Kh3 60.Ne4 Kxh2 61.
Nxf6 Kg3 62.Ke4 Kh4 63.Kf5 Kg3 64.Nh5+ Kh4 65.Kg6 Kg4 66.f5 Kh4 67.f6 1-0

[Event "3rd Africa-ch"]
[Site "Abuja NGR"]
[Date "2003.10.11"]
[Round "2"]
[White "Adly, Ahmed"]
[Black "Akintola, Fola"]
[Result "1-0"]
[WhiteElo "2448"]
[BlackElo "2256"]
[EventDate "2003.10.10"]
[PlyCount "75"]

1.d4 d5 2.c4 e6 3.Nc3 c5 4.cxd5 exd5 5.Nf3 Nc6 6.g3 Nf6 7.Bg2 Be7 8.O-O 
O-O 9.Bg5 cxd4 10.Nxd4 h6 11.Bf4 Bg4 12.h3 Bh5 13.Nf5 Bg6 14.Nxe7+ Qxe7 
15.Nxd5 Nxd5 16.Qxd5 Rad8 17.Qc4 Nd4 18.e4 b5 19.Qd3 f5 20.Rfe1 Bh5 21.Kh1
Qf7 22.e5 g5 23.e6 Qe7 24.Bc7 Qxc7 25.e7 Rfe8 26.exd8=Q Rxd8 27.Rac1 Qd6 
28.Qe3 Rd7 29.Rc8+ Kg7 30.g4 Bf7 31.b3 fxg4 32.hxg4 b4 33.Qe5+ Qxe5 34.
Rxe5 Kf6 35.Ra5 h5 36.gxh5 Ne2 37.Rc6+ Kg7 38.Rxg5+ 1-0

[Event "3rd Africa-ch"]
[Site "Abuja NGR"]
[Date "2003.10.11"]
[Round "2"]
[White "Agnelo, Amorim"]
[Black "Ezat, Mohamed"]
[Result "1/2-1/2"]
[WhiteElo "2254"]
[BlackElo "2405"]
[EventDate "2003.10.10"]
[PlyCount "101"]

1.e4 c6 2.d4 d5 3.Nc3 dxe4 4.Nxe4 Nd7 5.Nf3 Ngf6 6.Nxf6+ Nxf6 7.Bc4 Bf5 8.
O-O e6 9.h3 Be7 10.Re1 O-O 11.Bd3 Bxd3 12.Qxd3 c5 13.c3 Qb6 14.Qe2 Rfd8 
15.Be3 h6 16.Rad1 Rd5 17.dxc5 Bxc5 18.Bxc5 Qxc5 19.Rxd5 Qxd5 20.c4 Qc5 21.
Rd1 Rc8 22.b3 a6 23.Ne5 b5 24.cxb5 axb5 25.Nd7 Nxd7 26.Rxd7 Qf5 27.Rd2 b4 
28.Rd1 g6 29.Qd3 Qa5 30.Qe2 Rc3 31.g3 Qc5 32.Kh2 Rc2 33.Rd2 Rc1 34.Qf3 Qb5
35.Qf6 Rc8 36.Rd8+ Rxd8 37.Qxd8+ Kh7 38.Qd2 Qc5 39.Kg2 Kg7 40.Kf1 Qb5+ 41.
Ke1 Qe5+ 42.Kf1 Qe4 43.h4 e5 44.Qb2 h5 45.a4 bxa3 46.Qxa3 Qh1+ 47.Ke2 Qe4+
48.Kf1 Qh1+ 49.Ke2 Qe4+ 50.Kf1 Qd3+ 51.Kg2 1/2-1/2

[Event "3rd Africa-ch"]
[Site "Abuja NGR"]
[Date "2003.10.11"]
[Round "2"]
[White "Arab, Adlane"]
[Black "Alberto, Manuel"]
[Result "1/2-1/2"]
[WhiteElo "2241"]
[BlackElo "2110"]
[EventDate "2003.10.10"]
[PlyCount "158"]

1.d4 Nf6 2.c4 g6 3.Nc3 Bg7 4.e4 d6 5.f3 O-O 6.Be3 e5 7.Nge2 Nc6 8.d5 Na5 
9.Ng3 c5 10.Qd2 a6 11.Bh6 b5 12.Bxg7 Kxg7 13.cxb5 axb5 14.Qc2 c4 15.Nxb5 
Qb6 16.Nc3 Nb3 17.Rd1 Nd4 18.Qd2 Ba6 19.Nge2 Nxe2 20.Qxe2 Nh5 21.Qf2 Qa5 
22.g3 f5 23.exf5 gxf5 24.Bh3 Rf7 25.O-O Rg8 26.Kh1 Qd8 27.f4 exf4 28.gxf4 
Kh6 29.Rde1 Rg6 30.Rg1 Bc8 31.Rxg6+ hxg6 32.Bf1 Rc7 33.Be2 Nf6 34.Qh4+ Kg7
35.Bf3 Rb7 36.Re2 Bd7 37.Qf2 Qa5 38.Bh5 Nxh5 39.Kg1 Qd8 40.Kh1 Kh6 41.Re1 
Bc8 42.Qh4 Kg7 43.Re2 Nf6 44.Qg3 Bd7 45.Qf2 Be8 46.Qd4 Bf7 47.Qxc4 Qb8 48.
Qd3 Rxb2 49.Rxb2 Qxb2 50.Qd4 Bg8 51.a4 Bf7 52.Kg1 Be8 53.Qe3 Bf7 54.h3 Qb4
55.Kh2 Kf8 56.Kg3 Kg7 57.Qd3 Qa3 58.Qd4 Qa1 59.Nb5 Qe1+ 60.Kg2 Qe7 61.Kf2 
Be8 62.Qb4 Bxb5 63.axb5 Nd7 64.b6 Nc5 65.Qb5 Qh4+ 66.Kg2 Qxf4 67.Qb2+ Qe5 
68.Qb1 Qe7 69.Qa1+ Kg8 70.Qa8+ Kf7 71.Qa7 Kf6 72.Qb8 Ke5 73.Kf1 Kf4 74.Qa7
Ke3 75.Qa5 Qe4 76.Qa3+ Kf4 77.Qc1+ Qe3 78.Qxe3+ Kxe3 79.b7 Nb3 1/2-1/2

[Event "3rd Africa-ch"]
[Site "Abuja NGR"]
[Date "2003.10.11"]
[Round "2"]
[White "Ben Nasser, Khaled"]
[Black "Van den Heever, Donovan"]
[Result "0-1"]
[WhiteElo "2282"]
[BlackElo "2035"]
[EventDate "2003.10.10"]
[PlyCount "104"]

1.d4 d5 2.Nf3 Nf6 3.c4 e6 4.Nc3 c6 5.Bg5 Be7 6.e3 Nbd7 7.Bd3 O-O 8.O-O 
dxc4 9.Bxc4 b5 10.Bb3 Bb7 11.Rc1 a6 12.Qe2 c5 13.dxc5 Nxc5 14.Bc2 b4 15.
Bxf6 Bxf6 16.Na4 Nxa4 17.Bxa4 Qa5 18.b3 Bc3 19.Rfd1 Rfd8 20.Rxd8+ Rxd8 21.
Rd1 Rxd1+ 22.Qxd1 Qd5 23.Qxd5 Bxd5 24.Kf1 Kf8 25.Ke2 Ke7 26.Ng1 Be4 27.f3 
Bb1 28.Kd1 Bd3 29.Nh3 Bf1 30.Ng1 Bxg2 31.Ke2 e5 32.Kf2 Bh1 33.Bc6 f5 34.
Ne2 e4 35.Ng1 Be5 36.f4 Bf6 37.Bb7 Bh4+ 38.Ke2 a5 39.Kf1 g5 40.Ne2 gxf4 
41.Nd4 Bg5 42.h4 Bf6 43.Nxf5+ Ke6 44.Bc8+ Ke5 45.Nh6 Bxh4 46.Ng4+ Kd5 47.
exf4 Kd4 48.f5 Bf3 49.f6 e3 50.Nxe3 Kxe3 51.f7 Be7 52.Bf5 h5 0-1

[Event "3rd Africa-ch"]
[Site "Abuja NGR"]
[Date "2003.10.11"]
[Round "2"]
[White "Cochrane, John Miles"]
[Black "Olape, Bunmi"]
[Result "1/2-1/2"]
[WhiteElo "2206"]
[BlackElo "2273"]
[EventDate "2003.10.10"]
[PlyCount "34"]

1.e4 e5 2.Nf3 Nf6 3.Nxe5 d6 4.Nf3 Nxe4 5.Qe2 Qe7 6.d3 Nf6 7.Bg5 Qxe2+ 8.
Bxe2 Be7 9.Nc3 O-O 10.O-O Bg4 11.Rfe1 Nc6 12.Nb5 Rfc8 13.Nbd4 Bxf3 14.Nxf3
h6 15.Bd2 Re8 16.c3 Bf8 17.Bf1 g6 1/2-1/2

[Event "3rd Africa-ch"]
[Site "Abuja NGR"]
[Date "2003.10.11"]
[Round "2"]
[White "Domingos, Catarino"]
[Black "Abdelnabbi, Imed"]
[Result "0-1"]
[WhiteElo "2266"]
[BlackElo "2484"]
[EventDate "2003.10.10"]
[PlyCount "36"]

1.d4 Nf6 2.Nf3 d5 3.c4 e6 4.Nc3 c5 5.e3 Nc6 6.a3 a6 7.Bd3 dxc4 8.Bxc4 b5 
9.Bd3 Bb7 10.O-O Rc8 11.dxc5 Bxc5 12.Qe2 Qc7 13.Ne4 Ne5 14.Nxf6+ gxf6 15.
Nxe5 Qxe5 16.f3 Rg8 17.Kh1 Bd6 18.f4 Rxg2 0-1

[Event "3rd Africa-ch"]
[Site "Abuja NGR"]
[Date "2003.10.11"]
[Round "2"]
[White "El-Gindy, Essam"]
[Black "Adu, Oladapo"]
[Result "1-0"]
[WhiteElo "2501"]
[BlackElo "2268"]
[EventDate "2003.10.10"]
[PlyCount "57"]

1.d4 Nf6 2.c4 c5 3.d5 e6 4.Nc3 exd5 5.cxd5 Bd6 6.e4 Be5 7.Bd3 O-O 8.Nge2 
d6 9.O-O Ng4 10.g3 Qf6 11.f3 Nxh2 12.Kxh2 Qh4+ 13.Kg2 Qh3+ 14.Kf2 Qh2+ 15.
Ke3 Bxg3 16.Nxg3 Qxg3 17.Ne2 Qh4 18.Rh1 Qe7 19.Qe1 Nd7 20.Qh4 Nf6 21.Kf2 
c4 22.Bg5 Ng4+ 23.fxg4 f6 24.Qxh7+ Kf7 25.Bh6 Rg8 26.Bxc4 Bxg4 27.Rag1 f5 
28.Nf4 Qxe4 29.Qg6+ 1-0

[Event "3rd Africa-ch"]
[Site "Abuja NGR"]
[Date "2003.10.11"]
[Round "2"]
[White "Henni, Mohamed"]
[Black "El-Taher, Fouad"]
[Result "1/2-1/2"]
[WhiteElo "2273"]
[BlackElo "2505"]
[EventDate "2003.10.10"]
[PlyCount "75"]

1.e4 e5 2.Nf3 Nc6 3.Bc4 Bc5 4.c3 Nf6 5.d3 O-O 6.O-O a6 7.Bb3 d6 8.Nbd2 Ba7
9.Nc4 Be6 10.a4 Ne7 11.Be3 Ng6 12.Bxa7 Rxa7 13.Re1 h6 14.d4 Qe7 15.h3 Rd8 
16.d5 Bd7 17.Nfd2 Nf4 18.Qf3 N6h5 19.Bc2 Qg5 20.Kh2 Rf8 21.g4 Nf6 22.Qg3 
Nh7 23.Nf3 Qf6 24.Ne3 Ng5 25.Ng1 Raa8 26.f3 g6 27.Ng2 Kg7 28.Nxf4 exf4 29.
Qf2 Rae8 30.Kg2 Rh8 31.h4 Nh7 32.Ne2 g5 33.h5 Re7 34.b4 Rhe8 35.Nd4 Kg8 
36.a5 Qh8 37.Ba4 Rd8 38.Bxd7 1/2-1/2

[Event "3rd Africa-ch"]
[Site "Abuja NGR"]
[Date "2003.10.11"]
[Round "2"]
[White "Sebih, Kamel"]
[Black "Chakurira, Svunurai"]
[Result "1-0"]
[WhiteElo "2077"]
[BlackElo "2205"]
[EventDate "2003.10.10"]
[PlyCount "63"]

1.e4 c5 2.Nf3 Nc6 3.d4 cxd4 4.Nxd4 Nf6 5.Nc3 e5 6.Nb3 Bb4 7.Bc4 O-O 8.Qd3 
d6 9.O-O h6 10.Rd1 Bg4 11.f3 Be6 12.Nd5 Bxd5 13.Bxd5 Ba5 14.Nxa5 Qxa5 15.
c3 Ne7 16.b4 Qc7 17.Bb3 Rfd8 18.Kh1 d5 19.exd5 Nexd5 20.Qf5 Qxc3 21.Bd2 
Qc7 22.Rac1 Qe7 23.Re1 Re8 24.Rc5 Rad8 25.f4 g6 26.Qxe5 Qd7 27.Qd4 Rxe1+ 
28.Bxe1 Re8 29.Bg3 Re4 30.Qd2 Qe7 31.Bxd5 Re2 32.Qd4 1-0

[Event "3rd Africa-ch"]
[Site "Abuja NGR"]
[Date "2003.10.11"]
[Round "2"]
[White "Kobese, Watu"]
[Black "Tandala Campos, Eugenio"]
[Result "1-0"]
[WhiteElo "2404"]
[BlackElo "2249"]
[EventDate "2003.10.10"]
[PlyCount "37"]

1.e4 c5 2.Nf3 Nc6 3.d4 cxd4 4.Nxd4 Nf6 5.Nc3 Qb6 6.Nb3 e6 7.Be3 Qc7 8.Be2 
Bb4 9.O-O Bxc3 10.bxc3 b6 11.Nd4 Nxd4 12.Qxd4 e5 13.Qb4 Bb7 14.f3 Rc8 15.
c4 Ba6 16.f4 Bxc4 17.fxe5 Nxe4 18.Bd3 Qc6 19.Rac1 1-0

[Event "3rd Africa-ch"]
[Site "Abuja NGR"]
[Date "2003.10.11"]
[Round "2"]
[White "Lungu, Malupande"]
[Black "Domingos, Ediberto"]
[Result "0-1"]
[WhiteElo "2295"]
[BlackElo "2200"]
[EventDate "2003.10.10"]
[PlyCount "98"]

1.e4 e6 2.d3 c5 3.Nd2 d5 4.Ngf3 Nc6 5.g3 Nf6 6.Bg2 Be7 7.O-O O-O 8.Re1 a6 
9.e5 Nd7 10.h4 b5 11.Nf1 Bb7 12.h5 d4 13.N3h2 Qc7 14.Bf4 Nb4 15.a3 Bxg2 
16.Kxg2 Nd5 17.Qg4 Qc6 18.Kg1 Nxf4 19.Qxf4 f6 20.exf6 Rxf6 21.Qe4 Qxe4 22.
Rxe4 e5 23.Rae1 Bd6 24.Nd2 Rc8 25.Kg2 c4 26.dxc4 bxc4 27.Rh4 Be7 28.Rhe4 
Rb6 29.Rb1 Rb5 30.f4 c3 31.bxc3 Rxc3 32.Rxb5 axb5 33.fxe5 Rxc2 34.Nf3 d3 
35.Kh3 Bxa3 36.e6 Nf6 37.Rd4 Kf8 38.Rxd3 Bb4 39.g4 Ke7 40.g5 Nxh5 41.Kg4 
g6 42.Nb3 Rc3 43.Rd7+ Kxe6 44.Nfd4+ Ke5 45.Rb7 Bc5 46.Re7+ Kd5 47.Rd7+ Ke4
48.Rd6 Nf4 49.Nf3 Ne2 0-1

[Event "3rd Africa-ch"]
[Site "Abuja NGR"]
[Date "2003.10.11"]
[Round "2"]
[White "Pitlagano, Tebogo"]
[Black "Tefera, Wossenyelew Haily"]
[Result "1-0"]
[WhiteElo "2073"]
[BlackElo "2211"]
[EventDate "2003.10.10"]
[PlyCount "117"]

1.e4 c5 2.c3 d5 3.exd5 Qxd5 4.d4 cxd4 5.cxd4 Nc6 6.Nf3 e6 7.Nc3 Bb4 8.Be2 
Nf6 9.O-O Bxc3 10.bxc3 O-O 11.h3 h6 12.Be3 b6 13.Nd2 Bb7 14.Bf3 Qd7 15.Qe2
Nd5 16.Rac1 Rfd8 17.Rfd1 Rac8 18.Nf1 Nce7 19.Bd2 Qa4 20.Be1 Rc7 21.Qc2 
Qxc2 22.Rxc2 Nb4 23.cxb4 Rxc2 24.Bxb7 Rxa2 25.Ne3 Rd7 26.Be4 Rc7 27.d5 
exd5 28.Nxd5 Nxd5 29.Bxd5 Rac2 30.Be4 g6 31.Bxc2 Rxc2 32.Rd7 Ra2 33.Bc3 g5
34.g3 a5 35.Rd6 Rc2 36.Be1 a4 37.Rxb6 a3 38.Ra6 a2 39.Kf1 Kf8 40.b5 Ke8 
41.Ra3 Kd7 42.Kg2 Rc1 43.Rxa2 Rxe1 44.Ra7+ Ke8 45.b6 Rb1 46.b7 Kd8 47.Kf3 
f5 48.Ra8+ Kc7 49.b8=Q+ Rxb8 50.Rxb8 Kxb8 51.g4 f4 52.Ke4 Kc7 53.Kf5 Kd6 
54.Kg6 Ke5 55.Kxh6 Ke4 56.Kxg5 f3 57.Kh4 Kf4 58.g5 Kf5 59.Kh5 1-0

[Event "3rd Africa-ch"]
[Site "Abuja NGR"]
[Date "2003.10.12"]
[Round "3"]
[White "Abdelnabbi, Imed"]
[Black "Kobese, Watu"]
[Result "1-0"]
[WhiteElo "2484"]
[BlackElo "2404"]
[EventDate "2003.10.10"]
[PlyCount "119"]

1.e4 e5 2.Nf3 Nc6 3.Bb5 a6 4.Ba4 Nf6 5.O-O Be7 6.Re1 b5 7.Bb3 d6 8.c3 O-O 
9.h3 Na5 10.Bc2 c5 11.d4 Qc7 12.Nbd2 cxd4 13.cxd4 Nc6 14.Nb3 a5 15.Be3 a4 
16.Nbd2 Bd7 17.Rc1 Qb7 18.Nf1 Rfe8 19.Ng3 Bd8 20.Bb1 g6 21.Re2 exd4 22.
Nxd4 Na5 23.Bf4 Nc4 24.b3 axb3 25.axb3 Ne5 26.Be3 h5 27.Bg5 Nh7 28.Bxd8 
Raxd8 29.Rec2 h4 30.Rc7 Qb6 31.Nf1 Ng5 32.Kh1 Ne6 33.Nxe6 Bxe6 34.Ne3 Nc4 
35.bxc4 Qxc7 36.cxb5 Qb7 37.Bd3 d5 38.e5 Rc8 39.Rb1 Rc3 40.Be2 Qc7 41.Qd4 
Rc1+ 42.Rxc1 Qxc1+ 43.Bf1 Rb8 44.Kh2 g5 45.f4 gxf4 46.Qxf4 Qe1 47.Bd3 Kf8 
48.Qh6+ Ke7 49.Nxd5+ Kd7 50.Nf6+ Kc7 51.Ne4 Rd8 52.Bc2 Kb6 53.Qg5 Rc8 54.
Bd3 Qd1 55.Qe3+ Ka5 56.Qa7+ Kb4 57.Qd4+ Ka5 58.Nd6 Rc7 59.b6 Rd7 60.Qc5+ 
1-0

[Event "3rd Africa-ch"]
[Site "Abuja NGR"]
[Date "2003.10.12"]
[Round "3"]
[White "Abera, Yimam Belachew"]
[Black "Sebih, Kamel"]
[Result "0-1"]
[WhiteElo "2200"]
[BlackElo "2077"]
[EventDate "2003.10.10"]
[PlyCount "136"]

1.e4 c5 2.Nf3 d6 3.d4 cxd4 4.Nxd4 Nf6 5.Nc3 a6 6.Be3 Qc7 7.f3 b5 8.a4 b4 
9.Nd5 Nxd5 10.exd5 Bb7 11.Nf5 Nd7 12.a5 Rc8 13.Bd3 Nc5 14.Be2 e6 15.dxe6 
fxe6 16.Nd4 Be7 17.O-O O-O 18.c3 e5 19.Nb3 bxc3 20.Nxc5 dxc5 21.Bc4+ Kh8 
22.bxc3 Rcd8 23.Qe2 Rd6 24.Rab1 Bc8 25.Bd3 Qxa5 26.Rfc1 Qc7 27.Bf2 Bg5 28.
Rd1 Rh6 29.Be4 Bh4 30.g3 Be7 31.Qc4 Be6 32.Qa4 Bc8 33.c4 Rhf6 34.Rd3 Rb6 
35.Rbd1 Rb4 36.Qa2 Be6 37.Qxa6 Bxc4 38.Rd7 Qxd7 39.Rxd7 Bxa6 40.Rxe7 c4 
41.Rxe5 Rd8 42.Bd4 Rbb8 43.Bc3 Rd7 44.Rh5 Rb5 45.Rxh7+ Kg8 46.Rh4 Rb3 47.
Bh7+ Kf8 48.Rf4+ Rf7 49.Rxf7+ Kxf7 50.Bd4 g6 51.f4 Rd3 52.Be5 c3 53.f5 
gxf5 54.Bxf5 c2 55.Bf4 Rd1+ 56.Kg2 Bd3 57.Bg4 c1=Q 58.Bxc1 Rxc1 59.Bh5+ 
Bg6 60.Bf3 Rc2+ 61.Kh3 Rf2 62.Bd5+ Kf6 63.g4 Rd2 64.Bc4 Rc2 65.Bb5 Kg5 66.
Bd7 Kf4 67.Be6 Bd3 68.g5 Bf1+ 0-1

[Event "3rd Africa-ch"]
[Site "Abuja NGR"]
[Date "2003.10.12"]
[Round "3"]
[White "Aderito, Pedro"]
[Black "Mbambara, Tizenge"]
[Result "1-0"]
[WhiteElo "2285"]
[BlackElo "2100"]
[EventDate "2003.10.10"]
[PlyCount "89"]

1.Nf3 d6 2.d4 c6 3.c4 Nf6 4.Nc3 Nbd7 5.g3 e5 6.Bg2 Be7 7.O-O O-O 8.e4 Re8 
9.Re1 Qc7 10.h3 Nf8 11.Be3 h6 12.Qc2 g5 13.Rad1 Ng6 14.Nh2 Kh8 15.Na4 b6 
16.Nc3 Rg8 17.Kh1 Bd7 18.Ne2 Qc8 19.Ng1 Ne8 20.c5 dxc5 21.dxe5 Nxe5 22.f4 
Ng6 23.fxg5 hxg5 24.Qd2 Ne5 25.Nhf3 Nxf3 26.Nxf3 Be6 27.Bxg5 Bxg5 28.Nxg5 
Rg7 29.Qf4 f6 30.Nxe6 Qxe6 31.e5 f5 32.Kh2 Rh7 33.a3 Ng7 34.Rd6 Qb3 35.e6 
Qxb2 36.e7 Re8 37.Rd8 Qf6 38.Qb8 Qg6 39.Re6 Qf7 40.Qe5 f4 41.Rf6 fxg3+ 42.
Kg1 Rh5 43.Rxe8+ Qxe8 44.Rf8+ Kh7 45.Be4+ 1-0

[Event "3rd Africa-ch"]
[Site "Abuja NGR"]
[Date "2003.10.12"]
[Round "3"]
[White "Adu, Oladapo"]
[Black "Pitlagano, Tebogo"]
[Result "1-0"]
[WhiteElo "2268"]
[BlackElo "2073"]
[EventDate "2003.10.10"]
[PlyCount "96"]

1.e4 c5 2.Nf3 Nc6 3.d3 g6 4.g3 Bg7 5.Bg2 Nf6 6.O-O d5 7.Nbd2 O-O 8.c3 e5 
9.Re1 Re8 10.a3 h6 11.Rb1 Be6 12.b4 cxb4 13.axb4 dxe4 14.dxe4 b5 15.Bf1 a6
16.Qc2 Qb6 17.Nb3 Nd7 18.Be3 Qc7 19.Qc1 Kh7 20.Nc5 Nxc5 21.Bxc5 Rad8 22.
Qe3 Qc8 23.Bb6 Rd7 24.Nd2 h5 25.Qe2 Qb7 26.Be3 Rc8 27.Nb3 Bxb3 28.Rxb3 Nd8
29.Bg2 Rdc7 30.Qb2 Ne6 31.Rd1 Qc6 32.Ra3 Ra8 33.Rd5 Rcc8 34.Qd2 Qe8 35.Qa2
Rc6 36.Bh3 Qb8 37.Rd7 Kg8 38.Qd5 Qc8 39.Ra1 Rxc3 40.Bxe6 fxe6 41.Qxe6+ Kh7
42.Rad1 Rc7 43.Qe7 Rxd7 44.Rxd7 Qf8 45.Qg5 Rc8 46.Qh6+ Kg8 47.Qxg6 Qf6 48.
Rxg7+ Qxg7 1-0

[Event "3rd Africa-ch"]
[Site "Abuja NGR"]
[Date "2003.10.12"]
[Round "3"]
[White "Aikhoje, Odion"]
[Black "Ahmed, Esam Aly"]
[Result "1/2-1/2"]
[WhiteElo "2278"]
[BlackElo "2408"]
[EventDate "2003.10.10"]
[PlyCount "107"]

1.Nf3 Nf6 2.d4 e6 3.Bg5 d5 4.Nbd2 c5 5.e3 Be7 6.c3 O-O 7.Bd3 b6 8.Ne5 Nfd7
9.Bf4 Nxe5 10.Bxe5 Nc6 11.Bg3 cxd4 12.exd4 Bd6 13.O-O f5 14.Bxd6 Qxd6 15.
f4 Bd7 16.Qe2 Ne7 17.Nf3 Kh8 18.Rae1 Ng8 19.Ne5 Be8 20.g4 fxg4 21.Qxg4 Rf6
22.f5 Nh6 23.Qg3 exf5 24.Rf2 Bd7 25.Rg2 Rg8 26.Qf4 Bc8 27.Re3 Qf8 28.Nf3 
Qd8 29.h4 Ng4 30.Re1 Re8 31.Rge2 Rxe2 32.Rxe2 Rf8 33.Qb8 f4 34.Qxa7 Ne3 
35.Ng5 Qf6 36.Bxh7 Bf5 37.Bxf5 Qxf5 38.Qe7 f3 39.Qxf8+ Qxf8 40.Rxe3 Qc8 
41.Kf2 g6 42.Nxf3 Qf5 43.a3 Kg7 44.Re5 Qb1 45.Re2 Kh6 46.Kg3 Qc1 47.a4 Qa1
48.Kf4 Qxa4 49.Re6 Qb3 50.Ne5 Qxb2 51.Rxg6+ Kh7 52.Rg3 Qd2+ 53.Kf5 Qf2+ 
54.Rf3 1/2-1/2